00317nam a2200121Ia 4500008004100000041000800041082001500049100001800064245002500082260004600107300003100153365001100184240624s9999 xx 000 0 und d aeng a650.13 GRI aGRIFFIN GERRY aGAMES COMPANIES PLAY c2003aUnited KingdombCapstone Publishing axii, : 146 : p. : cm. ; 23 cRSb25